000 00532nam a2200181Ia 4500
999 _c13998
_d13998
003 OSt
005 20201020120819.0
008 190216s9999||||xx |||||||||||||| ||und||
020 _a03390351
040 _coclc
082 _a891.4
_bTAG/K
100 1 _aTagore, Rabindranath
_d1861-1941
_938
245 4 _aThe King Of Dark Chamber /
_cRabindranath Tagore
260 _bMac Millian And Com. Ltd,
_c1961.
_aMadras:
300 _a198p
650 _aEnglish Drama
942 _cBK
_2ddc
_h891.4
_iTAG/K
_k891.4
_mTAG/K